01629 a2200229 45000010006000000050017000060080041000230030015000640400040000790800057001192450062001760200018002382500011002562640029002673000019002965050902003151000024012177000022012417000029012637000020012928560087013123695920260407155641.0260407a1995 arg spa dAR-UNSa-BCEJYS aAR-UNSa-BCEJYSbspacAR-UNSa-BCEJYS a658.5xPlanificación y control de la producción 10aSistemas de planificación y control de la fabricación a84-8086-195-9 a3a. ed 1aBarcelona :bIrwinc1995 a867 p.c25 cm. a1. Planificación y control de la fabricación - 2. Planificación de requerimientos de materiales - 3. Justo a tiempo - 4. Planificación de capacidad - 5. Control de la actividad de producción - 6. El programa maestro de producción - 7. Planificación de la producción - 8. Administración de la demanda - 9. Sistemas MPC integrados - 10. Puesta en marcha de los sistemas MPC - 11. Conceptos avanzados en planificación de requerimientos de materiales - 12. Conceptos avanzados en justo a tiempo - 13. Conceptos avanzados en programación - 14. Conceptos avanzados en el programa maestro de producción - 15. Conceptos avanzados en planificación de la producción - 16. Sistema de pronóstico a corto plazo - 17. Administración del inventario en artículos con demanda independiente - 18. Planificación de requerimientos de distribución - 19. Límites del sistema MPC.1 aVollmann, Thomas E.1 aBerry, William L.1 aCornejo Reyes, Sergio S.1 aWhybark, D.Clay41uhttps://170.210.207.44/pmb/images/libros/L65286.jpgyImagen de portadaqimage/jpeg